Birding on the Pawnee by automobile or mountain bike.

Bibliographic Details
Corporate Authors: Colorado. Division of Wildlife, United States. Forest Service, National Audubon Society
Format: Government Document Book
Language:English
Published: [Washington, D.C.?] : [Denver?] : Forest Service ; Colorado, Division of Wildlife, [1999]
Subjects:

MARC

Tag First Indicator Second Indicator Subfields
LEADER 00000cam a2200000Ia 4500
001 in00000006658
005 20150930070014.0
008 990930s1999 dcuab f000 0 eng d
035 |a (OCoLC)ocm42457226 
040 |a GPO  |c GPO  |d UtOrBLW 
043 |a n-us-co 
049 |a TXAM 
074 |a 0085 
086 0 |a A 13.13:P 28/999 
245 0 0 |a Birding on the Pawnee by automobile or mountain bike. 
264 1 |a [Washington, D.C.?] :  |b Forest Service ;  |a [Denver?] :  |b Colorado, Division of Wildlife,  |c [1999] 
300 |a 1 sheet (8 pages) :  |b color illustrations, color map ;  |c 23 x 41 folded to 23 x 11 cm. 
336 |a text  |b txt  |2 rdacontent 
337 |a unmediated  |b n  |2 rdamedia 
338 |a sheet  |b nb  |2 rdacarrier 
500 |a Shipping list number: 99-0364-P. 
500 |a Shipping List #: 99-0364-P 
500 |a Shipping List Date: 09/16/99 
650 0 |a Bird watching  |z Colorado  |z Weld County. 
650 0 |a Grasslands  |z Colorado  |z Weld County. 
651 0 |a Pawnee National Grassland Region (Colo.)  |v Tours. 
710 1 |a Colorado.  |b Division of Wildlife. 
710 1 |a United States.  |b Forest Service. 
710 2 |a National Audubon Society. 
994 |a E0  |b TXA 
999 |a MARS 
999 f f |s f90ff870-2b13-35cf-a767-1e3578138c2d  |i 210f262d-b321-3ccf-9552-c016eafa975f  |t 0 
952 f f |p normal  |a Texas A&M University  |b College Station  |c Sterling C. Evans Library  |d Evans: Maps (2nd floor)  |t 0  |e A 13.13:P 28/999  |h Superintendent of Documents classification  |i unmediated -- sheet  |m A14824327528 
998 f f |a A 13.13:P 28/999  |t 0  |l Evans: Maps (2nd floor)